000 01077nam a22003137a 4500
003 DO-SdBNP
005 20250307073711.0
007 ta
008 110301s1993 sp 000 0 spa d
020 _a8472326616
040 _aDO-SdBNP
_bspa
_cBNPHU
_erda
041 _hspa
082 4 _a864.42
_bH519pe
_222
245 1 0 _aPedro Henríquez Ureña /
_cedición Tomas Mallo
264 4 _aMadrid :
_bInstituto de Cooperación Iberoamericana,
_c1993.
300 _a112 páginas :
_c25 cm.
336 _atexto
_btxt
_2rdacontent
337 _asin mediación
_bn
_2rdamedia
338 _avolumen
_bnc
_2rdacarrier
490 1 _aAntología del pensamiento político ;
_vsocial y económico de América Latina
500 _aIncluye datos biográficos del autor en la solapa de la portada.
590 _aInventariado, 2022/ YL
600 1 0 _aHenríquez Ureña, Pedro,
_d1884-1946
_xEnsayos, conferencias, etc
_91718
650 4 _aEnsayos dominicanos
650 4 _aLiteratura dominicana
700 1 2 _aMallo, Tomás
_eeditor
_982675
910 _aYLockward
942 _2ddc
_cLBS1
999 _c52761
_d52761